Normal view
MARC view
- Beard, Randal W
Entry Personal Name
001 - CONTROL NUMBER
- control field: 111082
003 - CONTROL NUMBER IDENTIFIER
- control field: NUST
005 - DATE AND TIME OF LATEST TRANSACTION
- control field: 20230322134919.0
008 - FIXED-LENGTH DATA ELEMENTS
- fixed length control field: 230322|| aca||aabn | a|a d
040 ## - CATALOGING SOURCE
- Original cataloging agency: NUST
- Transcribing agency: NUST
100 ## - HEADING--PERSONAL NAME
- Personal name: Beard, Randal W
670 ## - SOURCE DATA FOUND
- Source citation: Work cat.: (NUST)0: Beard, Randal W., Small unmanned aircraft :, c2012.
